000 00827nam a22002295a 4500
003 OSt
005 20170201122723.0
008 101014s1999 ua frb 000 0 ara d
020 _a9771981811
040 _aEG-ScBUE
_bara
_cEG-ScBUE
082 0 4 _a346.0482
_bل ط ف
_222
100 1 _920399
_aلطفي ، محمد حسام محمود
245 1 0 _aبنوك المعلومات وحقوق المؤلف /
_cمحمد حسام محمود لطفي.
260 _aالقاهرة :
_b[د. ن.]،
_c1999.
300 _a54 ص. ؛
_c24 سم.
504 _aيشتمل علي إرجاعات ببليوجرافية.
650 0 _aمراكز المعلومات.
_2BUEsh
_921917
650 0 _aحقوق التأليف والنشر.
_2BUEsh
_921918
653 _bGGEN
_cAugust2015
655 _vreading book
_934232
942 _k346.0482 ل ط ف
999 _c6638
_d6638